| 000 | 00458nam a2200133Ia 4500 | ||
|---|---|---|---|
| 008 | 231017s9999 xx 000 0 und d | ||
| 082 | _a388.4 | ||
| 082 | _bTRB | ||
| 245 | 0 | _a"NCHRP Web-Only Document 118: Part-II: Incorporating ITS into the Transportation Planning Process: An Integrated Planning Framework (ITS, M&O, Infrastructure) Executive Guidebook and Practitioner's Guidebook" | |
| 245 | 0 | _cTRB | |
| 260 | _bTRB | ||
| 300 | _c30cm | ||
| 942 | _cREP | ||
| 999 |
_c604161 _d604161 |
||